| 000 | 00567nam a2200181 i 4500 | ||
|---|---|---|---|
| 001 | 93026 | ||
| 003 | ES-MaACL | ||
| 005 | 20251221204114.0 | ||
| 007 | t| | ||
| 008 | 050407s1910 gw ||||1| ger d | ||
| 100 | 1 |
_aLocke, John. _973046 |
|
| 245 | 1 | 0 |
_aGedanken über Erziehung / _cJohn Locke; eingeleitet übergetzt und erlèantert von Dr. E. von Sallwürk. |
| 260 |
_aLangensalza : _bHermann Beyer, _c1910. |
||
| 300 |
_aVIII, 312 p. ; _c22 cm. |
||
| 700 | 1 |
_aSallwürk, Ernst von, _d1839-1926 _9132340 |
|
| 852 |
_aES-MaACL _jG-15177 |
||
| 999 |
_c93026 _d93026 |
||